Statistics for General Knowledge Quiz #16

Click here to take the quiz!

General Stats

  • This quiz has been taken 153,459 times
    (56,229 since last reset)
  • The average score is 11 of 20

Answer Stats

QuestionAnswer% Correct
What type of animal stereotypically rests on the shoulder of a pirate?Parrot
98%
What is the capital of Ireland?Dublin
94%
What color starts with the letters "mag"? Magenta
91%
What internet service popularized #hashtags? Twitter
86%
What is the plural of radius?Radii
76%
Take the name of a U.S. state. Add two letters to the beginning, and you have
the name of a different state. What state do you have now?
Arkansas
71%
What novel introduced the phrase "Big Brother is Watching You"?Nineteen Eighty-Four
69%
What is the name of the type of wild dog found in Australia?Dingo
65%
Name one of the two countries with the highest population of people from
the Pashtun ethnic group.
Afghanistan /
Pakistan
59%
What is the British name for a bachelor party?{Stag} Night
59%
What does someone become when they are canonized?a Saint
52%
How many keys are found on a typical piano?88
47%
In what country would you find Mount Ararat?Turkey
46%
What type of fish is sometimes caught by "noodling" - sticking one's hand
into a hole and waiting for the fish to bite?
Catfish
37%
In what sea would you find the Dodecanese and Cyclades island groups?Aegean Sea
35%
What organ of the body stores blood, removes old blood cells, and filters iron?The Spleen
34%
What book by Michael Crichton was turned into the highest-grossing movie of 1993?Jurassic Park
32%
During their 40 years in the desert, what did the Israelites eat?Manna
32%
What Chinese dam, completed in 2008, required the permanent relocation of
over 1 million people?
Three {Gorges} Dam
30%
What is a bandolier designed to hold?Ammunition
27%

Score Distribution

Percentile by Number Answered

Percent of People with Each Score

Your Score History

You have not taken this quiz since the last reset